Flags of states with limited recognition - Statistics

General Stats
  • This quiz has been taken 41 times
  • The average score is 10 of 13
Answer Stats
Picture Answer % Correct
Kosovo
97%
Taiwan
97%
Vatican City
97%
Palestine
91%
Western Sahara
79%
Northern Cyprus
74%
Abkhazia
71%
Somaliland
71%
Niue
68%
Cook Islands
65%
South Ossetia
62%
Transnistria
59%
Artsakh
47%
No matching quizzes found
Score Distribution
Percent of People with Each Score
Percentile by Number Answered
Your Score History
You have not taken this quiz